00454nam a2200145Ia 4500008004100000020001400041040004400055100003700099245006900136250001600205260000900221300003800230500002500268999001500293180412s9999||||xx |||||||||||||| ||und|| a853241279 aAhmadu Bello University Library - Zaria aHOPTON, D.S. and DAVIES, I.J.T. 0aPractical hints for housemen.cD. S. Hopton and I. J. T. Davies a\\a2nd ed. c1980 ax, 246p., illus., diagrs.,tables. aFirst published 1970 c1795d1795